| 000 | 00736cam a22002531 4500 | ||
|---|---|---|---|
| 001 | 378 | ||
| 003 | BD-RjUL | ||
| 005 | 20211208233152.0 | ||
| 008 | 781026s1960 enk 000 0 eng | ||
| 035 | _a(BD-RjUL)395 | ||
| 040 |
_aDLC _cLU _dOCoLC _dUk _dDLC _dBD-RjUL _beng |
||
| 041 | _aeng | ||
| 082 |
_a020 _221 _bHAF 1962 |
||
| 100 | 1 |
_aHarrison, K. C. _q(Kenneth Cecil) _91087 |
|
| 245 | 1 | 0 |
_aFirst steps in librarianship : _ba students' guide / _cK. C. Harrison |
| 250 | _a2nd ed. fully rev. and enl. | ||
| 260 |
_aLondon : _bGrafton, _cc1960 [reprinted 1962]. |
||
| 300 |
_a243 p. ; _c19 cm. |
||
| 504 | _aIncludes Index | ||
| 650 | 0 |
_aLibrary science. _91193 |
|
| 942 |
_2ddc _cBK _01 |
||
| 999 |
_c378 _d378 |
||